00617nam a2200145 a 450000100100000000500170001000800410002704000250006808200160009311000270010924000160013624502650015226000350041730000190045200004899720201002061556.0190712s1999 dr r 000 0 spa d aDO-SdBNPbspacBNPHU axxxxbR426l2 aRepública Dominicana10aLeyes, etc.10aLey No. 80-99 :bLey mediante el cual se dispone el incremento de los sueldos de los médicos, enfermeras, farmacéuticas y profesionales del laboratorio clínico que laboran tanto en la SESPAS como en el IDSS y procedimiento para la aplicación de la ley. aSanto Domingo :bDalis,c1999. a12 p ;c21 cm.